000
00266nam a22001097a 4500
008
170104b xxu||||| |||| 00| 0 eng d
020
_a
9781565335547
041
_a
eng
080
_2
9th ed.
_a
618.2
245
_a
PN MATERNAL NEWBORN NURSING
_c
Sheryl, S
942
_2
udc
_c
BK
999
_c
2524
_d
2524